00732nam a22001937a 4500003000900000008004100009040007100050082001800121100001900139245003600158260005000194300002800244505013900272650001900411650001900430700002700449700003100476700003100507AR-CdUCM190228b ||||| |||| 00| 0 sp d aMUNICIPALIDAD PROVINCIAL DEL CUSCOcBIBLIOTECA MUNICIPAL DEL CUSCO a325.85 /bA76 ade Arona, Juan aLa inmigración en el Perú / aLima :bEditorial e Imprenta Enrique ,c1971. a262 páginas ;c20 cm. aJuan de Arona ensayo de interpretación -- Bosquejo biográfico de Juan de Arona -- Bibliográfica de inmigración en el Perú... aInmigración. aJuan de Arona. aLLosa, Jorge Guillermo aOrtiz de Zevallos, Carlos  aPadilla Bendezú, Abraham